000 00587nam a22001937a 4500
005 20250708164123.0
008 250708b |||||||| |||| 00| 0 eng d
020 _a978-1-4737-2893-6
050 _aHD 58.7 .M37 2017
100 _aMARTIN, JOHN
245 _aORGANIZATIONAL BEHAVIOUR AND MANAGEMENT
250 _a5
260 _aUNITED KINGDOM
_bCENGAGE LEARNING EMEA
_c2017
300 _aXXI,568P.:ILL
500 _aINCLUDES BIBLIOGRAPHICAL REFERENCES AND INDEX
650 _a1. ORGANIZATIONAL BEHAVIOUR. 2. PERSONNEL MANAGEMENT
700 _aFELLENZ, MARTIN
942 _2lcc
_cBK
999 _c215860
_d215860